[Event "PreTEC 2025"]
[Site "Chambly CAN"]
[Date "2025.03.19"]
[Round "1.3"]
[White "Hudon, Paul"]
[Black "Bedard, Michel"]
[Result "1-0"]
[WhiteElo "1741"]
[BlackElo "1507"]
[WhiteFideId "-1"]
[WhiteFideId "-1"]
[PlyCount "47"]
[GameId "2191150457005637"]
[EventDate "2025.03.19"]
[EventType "swiss"]
[EventRounds "5"]
[EventCountry "CAN"]

1. Nf3 d5 2. g3 Nf6 3. Bg2 c6 4. c4 Bf5 5. d3 e6 6. O-O Be7 7. Nh4 Bg6 8. cxd5 Nxd5 9. Nxg6 hxg6 10. Nc3 Bf6 11. e4 Nxc3 12. bxc3 Bxc3 13. Rb1 Ba5 14. Rxb7 Bb6 15. Ba3 c5 16. e5 Nd7 17. Bc6 Bc7 18. Bxc5 Qc8 19. Qa4 Kd8 20. Bd6 Nb6 21. Bxc7+ Qxc7 22. Qd4+ Kc8 23. Rxc7+ Kxc7 24. Qd6+ 1-0

[Event "PreTEC 2025"]
[Site "Chambly CAN"]
[Date "2025.03.19"]
[Round "1.4"]
[White "Despres, Alain"]
[Black "Cousineau, Francois"]
[Result "0-1"]
[WhiteElo "1465"]
[BlackElo "1733"]
[WhiteFideId "-1"]
[WhiteFideId "-1"]
[PlyCount "83"]
[GameId "2191150457009734"]
[EventDate "2025.03.19"]
[EventType "swiss"]
[EventRounds "5"]
[EventCountry "CAN"]

1. d4 c5 2. d5 Nf6 3. c4 b5 4. b3 e6 5. dxe6 fxe6 6. cxb5 d5 7. f3 Bd6 8. Bb2 O-O 9. Nd2 Qc7 10. Qc2 a6 11. e4 Bb7 12. b6 Qxb6 13. e5 Bxe5 14. Bxe5 Nc6 15. Bxf6 Rxf6 16. Rc1 c4 17. bxc4 Rc8 18. c5 Qa5 19. Qc3 Qc7 20. Ne2 e5 21. Ng3 Nd4 22. Be2 Qe7 23. O-O h5 24. Rf2 h4 25. Ngf1 Rcf8 26. Nb3 Nf5 27. Na5 Bc8 28. c6 h3 29. g3 Nh6 30. Bd1 g5 31. Qc5 Qf7 32. Qe3 Qg6 33. Qxe5 Ng4 34. Qxd5+ Be6 35. Qd2 Nxf2 36. Kxf2 Bg4 37. Rc3 Kh8 38. c7 R6f7 39. Qd4+ Rg7 40. c8=Q Bxc8 41. Rxc8 Rxc8 42. Qd7 0-1

[Event "PreTEC 2025"]
[Site "Chambly CAN"]
[Date "2025.03.19"]
[Round "1.5"]
[White "Milette, Patrick"]
[Black "Taylor, Paul"]
[Result "1-0"]
[WhiteElo "1694"]
[BlackElo "1388"]
[WhiteFideId "-1"]
[WhiteFideId "-1"]
[PlyCount "71"]
[GameId "2191150457009735"]
[EventDate "2025.03.19"]
[EventType "swiss"]
[EventRounds "5"]
[EventCountry "CAN"]

1. Nf3 d5 2. c4 d4 3. b4 b6 4. g3 Bb7 5. Bg2 e5 6. O-O e4 7. Ne1 Bxb4 8. Qa4+ Nc6 9. Bxe4 Qd6 10. Nd3 a5 11. Na3 Nge7 12. Nb5 Qd8 13. e3 f5 14. Bd5 dxe3 15. dxe3 Bd6 16. Nd4 Qd7 17. Be6 Qd8 18. Bb2 Kf8 19. Bd5 Nxd5 20. Ne6+ Kf7 21. Nxd8+ Raxd8 22. cxd5 Ba6 23. dxc6 Bxd3 24. Qd4 Bxf1 25. Qxg7+ Ke6 26. Qf6+ Kd5 27. Qxf5+ Kxc6 28. Qe4+ Kb5 29. Bxh8 Rxh8 30. Kxf1 Ka6 31. a4 h6 32. Rd1 Rd8 33. Qc6 Ka7 34. e4 Rf8 35. Rxd6 cxd6 36. Qxd6 1-0

[Event "PreTEC 2025"]
[Site "Chambly CAN"]
[Date "2025.03.19"]
[Round "1.6"]
[White "Lemieux, Serge"]
[Black "Kerhuel-Lefebvre, Stephane"]
[Result "0-1"]
[WhiteElo "1372"]
[BlackElo "1671"]
[WhiteFideId "-1"]
[WhiteFideId "-1"]
[PlyCount "52"]
[GameId "2191150457009736"]
[EventDate "2025.03.19"]
[EventType "swiss"]
[EventRounds "5"]
[EventCountry "CAN"]

1. d4 Nf6 2. Nf3 c5 3. d5 d6 4. c4 g6 5. Nc3 e5 6. e4 Bg7 7. Bg5 Qa5 8. Bd3 a6 9. O-O Nbd7 10. Bd2 Qc7 11. h3 O-O 12. Qc1 Nh5 13. Ne2 f5 14. exf5 gxf5 15. Ng5 Nb6 16. h4 h6 17. Nh3 f4 18. Bg6 Nf6 19. f3 Qe7 20. Kh2 Nh7 21. Be1 Rf6 22. Qc2 Rxg6 23. Qxg6 Nxc4 24. Nc3 Ne3 25. Bf2 Bf5 26. Qh5 Nf6 0-1

[Event "PreTEC 2025"]
[Site "Chambly CAN"]
[Date "2025.03.19"]
[Round "1.7"]
[White "Tse, Chun Wing"]
[Black "Pincince, Jacques"]
[Result "1-0"]
[WhiteElo "1668"]
[BlackElo "1369"]
[WhiteFideId "-1"]
[WhiteFideId "-1"]
[PlyCount "63"]
[GameId "2191150457013833"]
[EventDate "2025.03.19"]
[EventType "swiss"]
[EventRounds "5"]
[EventCountry "CAN"]

1. d4 d5 2. c4 Bf5 3. cxd5 Qxd5 4. Nc3 Qd7 5. Bf4 e6 6. Nf3 Bd6 7. Bxd6 cxd6 8. e4 Bg4 9. Bb5 Nc6 10. d5 a6 11. dxc6 bxc6 12. Be2 Nf6 13. O-O O-O 14. e5 Nd5 15. exd6 Qxd6 16. Rc1 f5 17. Nd4 c5 18. Nb3 Bxe2 19. Nxe2 Rac8 20. Nc3 Rf6 21. Nxd5 exd5 22. Qf3 Rh6 23. g3 Rf6 24. Rfd1 d4 25. Nxd4 Qd7 26. Nb3 Qf7 27. Rxc5 Rf8 28. Qd5 f4 29. Qxf7+ R8xf7 30. g4 f3 31. Rcd5 Rf4 32. h3 1-0

[Event "PreTEC 2025"]
[Site "Chambly CAN"]
[Date "2025.03.19"]
[Round "1.8"]
[White "St-Laurent, Luc"]
[Black "Longpre, Martin"]
[Result "1/2-1/2"]
[WhiteElo "1363"]
[BlackElo "1597"]
[WhiteFideId "-1"]
[WhiteFideId "-1"]
[PlyCount "87"]
[GameId "2191150457013834"]
[EventDate "2025.03.19"]
[EventType "swiss"]
[EventRounds "5"]
[EventCountry "CAN"]

1. d4 d5 2. Nf3 Nf6 3. g3 Bf5 4. Bg2 e6 5. c4 c6 6. Nc3 dxc4 7. Ne5 Nbd7 8. Nxc4 Be7 9. Qb3 Nb6 10. Nxb6 Qxb6 11. Qxb6 axb6 12. O-O h5 13. Bg5 Nd5 14. Bxe7 Nxe7 15. e4 Bh7 16. f4 b5 17. b3 f6 18. h4 Bg8 19. Rfd1 Rd8 20. b4 Bf7 21. a4 bxa4 22. Rxa4 O-O 23. b5 Ra8 24. Rda1 Rxa4 25. Rxa4 cxb5 26. Rb4 Nc6 27. Rxb5 Nxd4 28. Rxb7 Rc8 29. Rd7 e5 30. Nd5 Bxd5 31. Rxd5 Ne2+ 32. Kf2 Rc2 33. Rd8+ Kf7 34. fxe5 fxe5 35. Bf1 Nd4+ 36. Ke1 Rc3 37. Kf2 Rf3+ 38. Kg2 Re3 39. Rd7+ Kf8 40. Rd8+ Ke7 41. Rg8 Kf6 42. Rf8+ Kg6 43. Re8 Kf6 44. Rf8+ 1/2-1/2

[Event "PreTEC 2025"]
[Site "Chambly CAN"]
[Date "2025.03.26"]
[Round "2.1"]
[White "Kerhuel-Lefebvre, Stephane"]
[Black "Hudon, Paul"]
[Result "1-0"]
[WhiteElo "1671"]
[BlackElo "1741"]
[WhiteFideId "-1"]
[WhiteFideId "-1"]
[PlyCount "123"]
[GameId "2191150457022037"]
[EventDate "2025.03.19"]
[EventType "swiss"]
[EventRounds "5"]
[EventCountry "CAN"]

1. e4 c5 2. Nc3 a6 3. g3 Nc6 4. Bg2 e6 5. a4 g6 6. d3 Bg7 7. Nge2 Nge7 8. O-O O-O 9. f4 d5 10. Nb1 dxe4 11. dxe4 Qb6 12. c3 e5 13. Be3 Qxb2 14. Nd2 exf4 15. Nc4 Qxa1 16. Qxa1 fxe3 17. Qc1 Bg4 18. Bf3 Bh3 19. Rd1 Rfd8 20. Nxe3 Ne5 21. Bg2 Bxg2 22. Kxg2 Nd3 23. Qc2 Ne5 24. Rf1 Rd3 25. Nd5 Nxd5 26. exd5 Rxd5 27. Rd1 Rad8 28. Rxd5 Rxd5 29. Nf4 Rd7 30. h4 Nc4 31. Qe4 Ne5 32. Kh3 h5 33. Qe3 c4 34. Qe4 Rd2 35. Qxb7 Ng4 36. Ng2 Nf2+ 37. Kh2 Ng4+ 38. Kh3 Bxc3 39. Qc8+ Kh7 40. Qxc4 Rxg2 41. Qxf7+ Kh6 42. Kxg2 a5 43. Qc7 Bb4 44. Qb8 Bc3 45. Qc8 Be5 46. Qc5 Bf6 47. Qxa5 Kg7 48. Qc7+ Kf8 49. a5 Ne3+ 50. Kg1 Nf5 51. a6 Ne7 52. a7 Bd4+ 53. Kg2 Bxa7 54. Qxa7 Kf7 55. Qd7 Kf6 56. Kf3 Nf5 57. Qd8+ Kf7 58. Kf4 Ng7 59. Qd5+ Kf6 60. Qe5+ Kf7 61. Kg5 Ne6+ 62. Qxe6+ 1-0

[Event "PreTEC 2025"]
[Site "Chambly CAN"]
[Date "2025.03.26"]
[Round "2.2"]
[White "Cousineau, Francois"]
[Black "Milette, Patrick"]
[Result "1/2-1/2"]
[WhiteElo "1733"]
[BlackElo "1694"]
[WhiteFideId "-1"]
[WhiteFideId "-1"]
[PlyCount "128"]
[GameId "2191150457034326"]
[EventDate "2025.03.19"]
[EventType "swiss"]
[EventRounds "5"]
[EventCountry "CAN"]

1. e4 g6 2. d4 Bg7 3. Nc3 a6 4. a4 c5 5. Nge2 Nc6 6. dxc5 Nf6 7. g3 Qa5 8. Bg2 Qxc5 9. O-O O-O 10. Ra3 d6 11. Re1 Ng4 12. Rf1 Be6 13. h3 Nge5 14. Nf4 Nc4 15. Nd3 Qa5 16. Ra1 Rac8 17. Nd5 Bxd5 18. exd5 Nb4 19. c3 Nxd3 20. Qxd3 Qb6 21. Qe2 Rfe8 22. Rd1 Qb3 23. Be4 Qb6 24. Bd3 Ne5 25. Be3 Qc7 26. Bd4 Nd7 27. Bxg7 Kxg7 28. h4 h5 29. Bc2 Ne5 30. Rd4 e6 31. dxe6 Rxe6 32. Qd1 Rce8 33. Bb3 Rf6 34. Bd5 Qd7 35. Bg2 Rfe6 36. Bd5 Rf6 37. Qd2 Qh3 38. Bg2 Qe6 39. Rd1 Ng4 40. Rf1 Qe2 41. Qxe2 Rxe2 42. f3 Ne5 43. Rf2 Re1+ 44. Rf1 Re2 45. Rf2 Re1+ 46. Rf1 Re2 47. Rb4 Nd3 48. Rxb7 Nxb2 49. Rb4 Nd3 50. Rd4 Ne5 51. Rfd1 Rc2 52. Rxd6 Nxf3+ 53. Bxf3 Rxf3 54. R6d3 Rxc3 55. Rxf3 Rxf3 56. Kg2 Ra3 57. Rd4 a5 58. g4 hxg4 59. Rxg4 f5 60. Rc4 Kh6 61. Kh2 Kh5 62. Kg2 g5 63. hxg5 Kxg5 64. Kf2 Kf6 1/2-1/2

[Event "PreTEC 2025"]
[Site "Chambly CAN"]
[Date "2025.03.26"]
[Round "2.3"]
[White "Cournoyer, Raphael"]
[Black "Tse, Chun Wing"]
[Result "1-0"]
[WhiteElo "1779"]
[BlackElo "1668"]
[WhiteFideId "-1"]
[WhiteFideId "-1"]
[PlyCount "89"]
[GameId "2191150457034327"]
[EventDate "2025.03.19"]
[EventType "swiss"]
[EventRounds "5"]
[EventCountry "CAN"]

1. d4 Nf6 2. Nf3 g6 3. c4 Bg7 4. g3 O-O 5. Bg2 d6 6. Nc3 c5 7. O-O Nc6 8. Bg5 h6 9. Bc1 a6 10. b3 Rb8 11. Bb2 b5 12. cxb5 axb5 13. a4 bxa4 14. Nxa4 cxd4 15. Nxd4 Nxd4 16. Bxd4 Be6 17. Rb1 Qd7 18. Re1 Kh7 19. b4 Qb5 20. Nc3 Qc4 21. b5 Nd7 22. Bxg7 Kxg7 23. Qd2 Nc5 24. Qb2 f6 25. b6 Bf5 26. Qb4 Qe6 27. Rbd1 Rfc8 28. e4 Bh3 29. Bxh3 Qxh3 30. Nd5 Rb7 31. Qb5 Rcb8 32. Ra1 Nd7 33. Ra6 Ne5 34. Qe2 Qc8 35. Rea1 e6 36. Nf4 Rxb6 37. Rxb6 Rxb6 38. Ra7+ Kg8 39. Qa2 d5 40. exd5 Qc1+ 41. Kg2 Qc8 42. Nxe6 Rxe6 43. dxe6 Qc6+ 44. Kh3 Kf8 45. e7+ 1-0

[Event "PreTEC 2025"]
[Site "Chambly CAN"]
[Date "2025.03.26"]
[Round "2.4"]
[White "Dubreuil, Raymond"]
[Black "Weston, Paul"]
[Result "0-1"]
[WhiteElo "1466"]
[BlackElo "1867"]
[WhiteFideId "-1"]
[WhiteFideId "-1"]
[PlyCount "40"]
[GameId "2191150457038424"]
[EventDate "2025.03.19"]
[EventType "swiss"]
[EventRounds "5"]
[EventCountry "CAN"]

1. Nf3 c5 2. c4 g6 3. g3 Bg7 4. Bg2 Nc6 5. O-O Nf6 6. a3 d5 7. d3 O-O 8. cxd5 Nxd5 9. e4 Nc7 10. Qc2 b6 11. d4 Nxd4 12. Nxd4 cxd4 13. e5 Rb8 14. Bf4 Bf5 15. Qc6 e6 16. Rc1 Na6 17. b4 g5 18. Bf1 d3 19. Bd2 h6 20. f4 Qd4+ 0-1

[Event "PreTEC 2025"]
[Site "Chambly CAN"]
[Date "2025.03.26"]
[Round "2.5"]
[White "Longpre, Martin"]
[Black "Poirier-Champagne, Samuel"]
[Result "1-0"]
[WhiteElo "1597"]
[BlackElo "1459"]
[WhiteFideId "-1"]
[WhiteFideId "-1"]
[PlyCount "106"]
[GameId "2191150457038425"]
[EventDate "2025.03.19"]
[EventType "swiss"]
[EventRounds "5"]
[EventCountry "CAN"]

1. e4 c5 2. Nf3 e6 3. d4 cxd4 4. Nxd4 a6 5. c4 Nf6 6. Nc3 Qc7 7. Bd3 Nc6 8. Nxc6 dxc6 9. O-O Bd6 10. g3 h5 11. Bg5 Ng4 12. Be2 f6 13. Bxg4 hxg4 14. Be3 Bd7 15. Qxg4 O-O-O 16. Na4 Rdg8 17. Nb6+ Kb8 18. c5 Be5 19. Nxd7+ Qxd7 20. Bf4 Bxf4 21. Qxf4+ e5 22. Qe3 Qh3 23. Rfd1 Qxh2+ 24. Kf1 Qh5 25. Kg2 Qh3+ 26. Kf3 f5 27. Ke2 Qh5+ 28. Qf3 fxe4 29. Qxh5 Rxh5 30. Rd7 Rf5 31. Rad1 Rgf8 32. Rd8+ Rxd8 33. Rxd8+ Kc7 34. Rd2 Rf3 35. Rd6 Rf6 36. Rxf6 gxf6 37. Ke3 Kd7 38. Kxe4 Ke6 39. g4 a5 40. b3 Ke7 41. Kf5 Kf7 42. g5 fxg5 43. Kxe5 Kg6 44. Kd6 Kf5 45. Kc7 Ke5 46. Kxb7 Kd5 47. Kb6 g4 48. a3 Ke4 49. Kxc6 Kf3 50. Kb5 Kxf2 51. c6 g3 52. c7 g2 53. c8=Q g1=Q 1-0

[Event "PreTEC 2025"]
[Site "Chambly CAN"]
[Date "2025.03.26"]
[Round "2.6"]
[White "Boyer, Pascal"]
[Black "St-Laurent, Luc"]
[Result "1-0"]
[WhiteElo "1552"]
[BlackElo "1363"]
[WhiteFideId "-1"]
[WhiteFideId "-1"]
[PlyCount "111"]
[GameId "2191150457038426"]
[EventDate "2025.03.19"]
[EventType "swiss"]
[EventRounds "5"]
[EventCountry "CAN"]

1. e4 c5 2. Nf3 d6 3. d4 cxd4 4. Nxd4 Nf6 5. Nc3 Nc6 6. Bb5 Bd7 7. Be3 a6 8. Ba4 b5 9. Bb3 e6 10. h3 b4 11. Nb1 Nxe4 12. O-O Na5 13. Nd2 Nxd2 14. Qxd2 Nxb3 15. axb3 a5 16. c4 Be7 17. Ra2 Qb8 18. Qe2 d5 19. Rfa1 Bd8 20. cxd5 O-O 21. Nc6 Bxc6 22. dxc6 Bb6 23. Bd2 Qd6 24. Qb5 Rfb8 25. Qe2 Qxc6 26. Rc1 Qd5 27. Rc4 Rd8 28. Be3 Qd1+ 29. Qxd1 Rxd1+ 30. Kh2 Bxe3 31. fxe3 Rd5 32. Rxb4 g6 33. Rd4 Rxd4 34. exd4 Kf8 35. b4 a4 36. Ra3 Rd8 37. Rxa4 Rxd4 38. b3 Rd8 39. b5 Rb8 40. Ra5 Rb7 41. Kg3 Ke7 42. Kf3 Kd6 43. b4 Kd5 44. b6+ Kc6 45. Ke4 Kxb6 46. Ke5 Rc7 47. Kf6 Ra7 48. Re5 Rd7 49. g4 Rd5 50. Rxd5 exd5 51. Ke5 d4 52. Kxd4 Kb5 53. Ke5 Kxb4 54. Kf6 h5 55. g5 Kc5 56. Kxf7 1-0

[Event "PreTEC 2025"]
[Site "Chambly CAN"]
[Date "2025.03.26"]
[Round "2.7"]
[White "Legault, Jean-Philippe"]
[Black "Kelly, Patrick"]
[Result "0-1"]
[WhiteElo "1389"]
[BlackElo "1534"]
[WhiteFideId "-1"]
[WhiteFideId "-1"]
[PlyCount "56"]
[GameId "2191150457038427"]
[EventDate "2025.03.19"]
[EventType "swiss"]
[EventRounds "5"]
[EventCountry "CAN"]

1. d4 Nf6 2. Nf3 d5 3. c4 c6 4. Nc3 Bf5 5. cxd5 cxd5 6. Qb3 Bc8 7. Bf4 e6 8. e3 a6 9. Bxb8 Rxb8 10. Bxa6 Be7 11. Ne5 Nd7 12. Bb5 O-O 13. Nxd7 Bxd7 14. Bxd7 Qxd7 15. O-O b5 16. Rfc1 Rfc8 17. Rc2 Rc4 18. Rac1 Rb4 19. Qa3 Rxd4 20. Qa6 Rc4 21. Ne2 Rbc8 22. Rxc4 bxc4 23. a3 Rc6 24. Qb5 Qc7 25. Nd4 Rb6 26. Qe8+ Bf8 27. b4 Rb8 28. Nb5 Qb6 0-1

[Event "PreTEC 2025"]
[Site "Chambly CAN"]
[Date "2025.03.26"]
[Round "2.8"]
[White "Bedard, Michel"]
[Black "Taylor, Paul"]
[Result "0-1"]
[WhiteElo "1507"]
[BlackElo "1388"]
[WhiteFideId "-1"]
[WhiteFideId "-1"]
[PlyCount "112"]
[GameId "2191150457038428"]
[EventDate "2025.03.19"]
[EventType "swiss"]
[EventRounds "5"]
[EventCountry "CAN"]

1. d4 Nf6 2. Nc3 d5 3. Bf4 e6 4. e3 a6 5. g4 Bd6 6. g5 Ne4 7. Nxe4 dxe4 8. Bg2 Bxf4 9. exf4 Nc6 10. c3 f5 11. gxf6 Qxf6 12. Qh5+ g6 13. Qg5 Qf5 14. Ne2 Rf8 15. Qh4 Rf7 16. Bh3 Qb5 17. b3 Qd3 18. Rc1 Ne7 19. Qg3 Qf3 20. Bg2 Qd3 21. Qe3 Nd5 22. Qxe4 Qxe4 23. Bxe4 Nxf4 24. Nxf4 Rxf4 25. f3 c6 26. Kf2 Bd7 27. Ke3 Rh4 28. Rcg1 O-O-O 29. Rg5 Rf8 30. Re5 Rf6 31. c4 h6 32. d5 Kc7 33. dxe6 Bxe6 34. c5 g5 35. Rd1 Rxh2 36. Rd6 Rxa2 37. Rdxe6 Rxe6 38. Rxe6 Rb2 39. Rxh6 Rxb3+ 40. Kf2 Rc3 41. Rh8 Rxc5 42. Kg3 b5 43. Kg4 b4 44. Rg8 b3 45. Rxg5 Rc4 46. Kf4 b2 47. Ke3 Rxe4+ 48. fxe4 b1=Q 49. Kf4 Qc1+ 50. Kf5 a5 51. Rg7+ Kd8 52. e5 Qf1+ 53. Ke6 Qh3+ 54. Kf6 Qh6+ 55. Kf7 Qxg7+ 56. Kxg7 Ke7 0-1

[Event "PreTEC 2025"]
[Site "Chambly CAN"]
[Date "2025.03.26"]
[Round "2.9"]
[White "Pincince, Jacques"]
[Black "Despres, Alain"]
[Result "1-0"]
[WhiteElo "1369"]
[BlackElo "1465"]
[WhiteFideId "-1"]
[WhiteFideId "-1"]
[PlyCount "87"]
[GameId "2191150457038429"]
[EventDate "2025.03.19"]
[EventType "swiss"]
[EventRounds "5"]
[EventCountry "CAN"]

1. e4 d6 2. Nc3 Nf6 3. g3 e5 4. Bg2 Be7 5. d3 Nbd7 6. Be3 c6 7. f4 O-O 8. f5 b5 9. g4 b4 10. Na4 Ne8 11. Nf3 Nb6 12. Nxb6 axb6 13. g5 f6 14. h4 d5 15. g6 dxe4 16. gxh7+ Kxh7 17. Ng5+ fxg5 18. hxg5+ Kg8 19. Qh5 Nf6 20. gxf6 Bxf6 21. Bxe4 Bd7 22. Qg4 Kf7 23. Qg6+ Ke7 24. Qg2 Rc8 25. Qd2 c5 26. O-O-O Bc6 27. Qg2 Qc7 28. Bg5 Kd6 29. Rh7 Qd8 30. Bxf6 gxf6 31. Rg1 Rg8 32. Rg7 Rxg7 33. Qxg7 Qf8 34. Bxc6 Kxc6 35. Qg2+ Kc7 36. Qh2 Ra8 37. Qh7+ Kd6 38. Kb1 b3 39. cxb3 Qh8 40. Qf7 Re8 41. Qb7 Qh2 42. Qxb6+ Kd5 43. Rc1 Qf2 44. b4 1-0

[Event "PreTEC 2025"]
[Site "Chambly CAN"]
[Date "2025.04.02"]
[Round "3.1"]
[White "Weston, Paul"]
[Black "Kerhuel-Lefebvre, Stephane"]
[Result "1-0"]
[WhiteElo "1867"]
[BlackElo "1671"]
[WhiteFideId "-1"]
[WhiteFideId "-1"]
[PlyCount "77"]
[GameId "2191150457038441"]
[EventDate "2025.03.19"]
[EventType "swiss"]
[EventRounds "5"]
[EventCountry "CAN"]

1. c4 Nf6 2. Nf3 e6 3. g3 b6 4. Bg2 Bb7 5. O-O Be7 6. b3 O-O 7. Bb2 d5 8. d3 c5 9. cxd5 exd5 10. Nbd2 d4 11. b4 Na6 12. bxc5 Bxc5 13. Nb3 Bxf3 14. Bxf3 Rb8 15. Qd2 Re8 16. Nxc5 Nxc5 17. Rac1 Rc8 18. Rc4 Ne6 19. Rfc1 Rxc4 20. Rxc4 Qd6 21. Qc2 h6 22. Qa4 b5 23. Qxb5 Rb8 24. Ba3 Qxg3+ 25. hxg3 Rxb5 26. Kg2 Ra5 27. Bb2 Rxa2 28. Bxd4 Nxd4 29. Rxd4 a5 30. e3 a4 31. Rd8+ Kh7 32. Ra8 Ra1 33. d4 a3 34. e4 a2 35. e5 Nd7 36. Bd5 Rd1 37. Bxa2 Rxd4 38. Rd8 Ra4 39. Bb1+ 1-0

[Event "PreTEC 2025"]
[Site "Chambly CAN"]
[Date "2025.04.02"]
[Round "3.2"]
[White "Longpre, Martin"]
[Black "Cournoyer, Raphael"]
[Result "1/2-1/2"]
[WhiteElo "1597"]
[BlackElo "1779"]
[WhiteFideId "-1"]
[WhiteFideId "-1"]
[PlyCount "95"]
[GameId "2191150457038442"]
[EventDate "2025.03.19"]
[EventType "swiss"]
[EventRounds "5"]
[EventCountry "CAN"]

1. e4 c6 2. d4 d5 3. e5 Bf5 4. Nf3 e6 5. Be2 Ne7 6. O-O Nd7 7. Re1 Bg6 8. c3 Nf5 9. b4 Rc8 10. Na3 a5 11. Nc2 Be7 12. a3 O-O 13. Ne3 b6 14. Bd3 Nxe3 15. Bxe3 c5 16. bxc5 bxc5 17. Bxg6 hxg6 18. Nd2 c4 19. f4 Rb8 20. Qc2 Rb6 21. Reb1 Qc7 22. Qa4 Rxb1+ 23. Rxb1 Rb8 24. Rxb8+ Nxb8 25. Qe8+ Bf8 26. a4 Nd7 27. Nf3 Nb6 28. Qb5 Nc8 29. Bc1 Qb6 30. Ne1 Qxb5 31. axb5 Be7 32. Nc2 Kf8 33. Ba3 Bxa3 34. Nxa3 Ke7 35. Kf2 Kd7 36. Ke2 Kc7 37. Kd2 Ne7 38. g4 Ng8 39. Ke3 Kb6 40. h3 Ne7 41. Kd2 Nc8 42. Kc2 Na7 43. Kb2 Nxb5 44. Nxb5 Kxb5 45. Ka3 a4 46. g5 Ka5 47. Kb2 Kb5 48. Ka3 1/2-1/2

[Event "PreTEC 2025"]
[Site "Chambly CAN"]
[Date "2025.04.02"]
[Round "3.3"]
[White "Milette, Patrick"]
[Black "Kelly, Patrick"]
[Result "0-1"]
[WhiteElo "1694"]
[BlackElo "1534"]
[WhiteFideId "-1"]
[WhiteFideId "-1"]
[PlyCount "118"]
[GameId "2191150457038443"]
[EventDate "2025.03.19"]
[EventType "swiss"]
[EventRounds "5"]
[EventCountry "CAN"]

1. Nf3 Nf6 2. c4 c5 3. g3 Nc6 4. Bg2 d6 5. d4 cxd4 6. Nxd4 Bd7 7. Nc3 g6 8. O-O Bg7 9. e4 O-O 10. Nc2 Rc8 11. h3 Ne5 12. b3 Nh5 13. Bb2 Qb6 14. Nd5 Qd8 15. g4 e6 16. gxh5 exd5 17. exd5 Qh4 18. Re1 Bxh3 19. Bxh3 Qxh3 20. Re3 Qh4 21. Rg3 Rce8 22. Nd4 Kh8 23. Rb1 Bh6 24. Nf3 Qxh5 25. Nxe5 Qxd1+ 26. Rxd1 dxe5 27. d6 Bf4 28. Rf3 Kg8 29. c5 Rd8 30. b4 a6 31. a4 Rd7 32. b5 Rc8 33. Rc3 axb5 34. axb5 e4 35. Kf1 Be5 36. c6 bxc6 37. Rxc6 Rxc6 38. bxc6 Rxd6 39. Rc1 Rxc6 40. Rxc6 Bxb2 41. Rc4 f5 42. Rc7 Be5 43. Rb7 Bf4 44. Kg2 h6 45. Kh3 Bg5 46. Rd7 Bf4 47. Rb7 Bg5 48. Rd7 h5 49. Rb7 f4 50. Rb5 Bh6 51. Rb7 e3 52. f3 Bg5 53. Kg2 Bh4 54. Kf1 Bg3 55. Ke2 h4 56. Rb1 h3 57. Rh1 h2 58. Kd3 Kf7 59. Ke2 Kf6 0-1

[Event "PreTEC 2025"]
[Site "Chambly CAN"]
[Date "2025.04.02"]
[Round "3.4"]
[White "Tse, Chun Wing"]
[Black "Boyer, Pascal"]
[Result "1-0"]
[WhiteElo "1668"]
[BlackElo "1552"]
[WhiteFideId "-1"]
[WhiteFideId "-1"]
[PlyCount "83"]
[GameId "2191150457038444"]
[EventDate "2025.03.19"]
[EventType "swiss"]
[EventRounds "5"]
[EventCountry "CAN"]

1. d4 d5 2. c4 e6 3. Nc3 Nf6 4. cxd5 exd5 5. Bg5 Bf5 6. Qb3 Be6 7. Qxb7 Nbd7 8. Qc6 Bb4 9. e3 O-O 10. Bd3 h6 11. Bh4 Rb8 12. Nge2 Rb6 13. Qa4 Qb8 14. O-O c5 15. Qc2 c4 16. Bf5 Bd6 17. Na4 Rb4 18. Bxe6 fxe6 19. Bg3 Ne4 20. Bxd6 Qxd6 21. f3 Nef6 22. b3 Rc8 23. bxc4 Rbxc4 24. Nac3 Qa3 25. Rfc1 Nb6 26. Qb3 Qa5 27. a4 Rb4 28. Qd1 Nc4 29. Kf2 Nb2 30. Qc2 Rcc4 31. Qg6 Rb3 32. Rab1 Qa6 33. Rc2 Rcb4 34. Nf4 Qc6 35. Ncxd5 Qxc2+ 36. Qxc2 Nxd5 37. Nxd5 exd5 38. Qc8+ Kh7 39. Qf5+ g6 40. Qf7+ Kh8 41. Qe8+ Kg7 42. Kg3 1-0

[Event "PreTEC 2025"]
[Site "Chambly CAN"]
[Date "2025.04.02"]
[Round "3.5"]
[White "Taylor, Paul"]
[Black "Pincince, Jacques"]
[Result "0-1"]
[WhiteElo "1388"]
[BlackElo "1369"]
[WhiteFideId "-1"]
[WhiteFideId "-1"]
[PlyCount "72"]
[GameId "2191150457038445"]
[EventDate "2025.03.19"]
[EventType "swiss"]
[EventRounds "5"]
[EventCountry "CAN"]

1. e4 c5 2. Bc4 d6 3. Nc3 Nf6 4. d3 a6 5. Qf3 Bg4 6. Qg3 e6 7. Bg5 Bh5 8. Qh4 Nbd7 9. Nge2 Bxe2 10. Nxe2 Be7 11. Nf4 Nf8 12. Nh5 Nxh5 13. Bxe7 Qxe7 14. Qxh5 Ng6 15. Bb3 O-O 16. g3 b5 17. Qe2 Rac8 18. a4 Ne5 19. axb5 axb5 20. Ra5 Nc6 21. Ra1 Nd4 22. Qd1 Qf6 23. f4 c4 24. Ba2 cxd3 25. cxd3 Nc2+ 26. Ke2 Qxb2 27. Qd2 Nd4+ 28. Ke3 Rc2 29. Rhb1 Rxd2 30. Rxb2 Rxb2 31. Kxd4 Ra8 32. Rc1 Rbxa2 33. h4 R2a4+ 34. Ke3 b4 35. Kf3 b3 36. Kg4 b2 0-1

[Event "PreTEC 2025"]
[Site "Chambly CAN"]
[Date "2025.04.02"]
[Round "3.6"]
[White "St-Laurent, Luc"]
[Black "Bedard, Michel"]
[Result "0-1"]
[WhiteElo "1363"]
[BlackElo "1507"]
[WhiteFideId "-1"]
[WhiteFideId "-1"]
[PlyCount "98"]
[GameId "2191150457038446"]
[EventDate "2025.03.19"]
[EventType "swiss"]
[EventRounds "5"]
[EventCountry "CAN"]

1. d4 d5 2. Nf3 Nf6 3. g3 g6 4. Bg2 Bg7 5. O-O O-O 6. c4 c6 7. b3 dxc4 8. bxc4 Nbd7 9. Nbd2 Nh5 10. Bb2 Qc7 11. e4 e5 12. d5 c5 13. Bh3 Nb6 14. Bxc8 Raxc8 15. Qc2 Nd7 16. a4 Nhf6 17. Ne1 b6 18. Nd3 Ne8 19. Nf3 f6 20. Bc1 Nd6 21. Re1 Nb8 22. Bd2 Rfd8 23. Ra2 Na6 24. Nh4 Nb4 25. Bxb4 cxb4 26. Nxb4 Qxc4 27. Qxc4 Rxc4 28. Nc6 Rd7 29. f3 Rc3 30. Kf2 Bf8 31. Ng2 Nc4 32. f4 Bc5+ 33. Ke2 Bd4 34. Rd1 Ne3 35. Nxe3 Rxe3+ 36. Kd2 Rxe4 37. Kd3 Re3+ 38. Kd2 Kf7 39. fxe5 fxe5 40. Rf1+ Kg7 41. Nb4 Bc5 42. Nc2 Rxd5+ 43. Kc1 Re2 44. Nb4 Rxa2 45. Nxa2 Rd4 46. Nc3 Rc4 47. Kb2 Bd4 48. Rc1 Bxc3+ 49. Rxc3 Rxa4 0-1

[Event "PreTEC 2025"]
[Site "Chambly CAN"]
[Date "2025.04.09"]
[Round "4.1"]
[White "Kelly, Patrick"]
[Black "Weston, Paul"]
[Result "0-1"]
[WhiteElo "1534"]
[BlackElo "1867"]
[WhiteFideId "-1"]
[WhiteFideId "-1"]
[PlyCount "54"]
[GameId "2191150457079416"]
[EventDate "2025.03.19"]
[EventType "swiss"]
[EventRounds "5"]
[EventCountry "CAN"]

1. e4 c5 2. Nc3 Nc6 3. Bb5 g6 4. Bxc6 dxc6 5. d3 Bg7 6. f4 e5 7. Nf3 Bg4 8. O-O Ne7 9. Qe1 Bxf3 10. Rxf3 c4 11. dxc4 exf4 12. Rxf4 O-O 13. Be3 f5 14. Rd1 Qc7 15. h3 Rad8 16. Rf1 fxe4 17. Rxf8+ Rxf8 18. Bc1 Nf5 19. Nxe4 Bxb2 20. Bxb2 Qb6+ 21. c5 Qxb2 22. Qc3 Qxc3 23. Nxc3 Ne3 24. Rd7 Rf7 25. Rd2 Rf1+ 26. Kh2 Rc1 27. Ne4 Nf1+ 0-1